Largest Island Nations in Size - Statistics

General Stats
  • This quiz has been taken 1,737 times
  • The average score is 14 of 16
Answer Stats
Location Answer % Correct
Only Continent Australia
99%
Caribbean Cuba
96%
Southeast Asia Indonesia
96%
Indian Ocean Madagascar
94%
Indian Ocean Sri Lanka
91%
Pacific Ocean New Zealand
90%
Pacific Ocean Japan
88%
Caribbean Haiti
87%
Caribbean Dominican Republic
84%
Atlantic Ocean United Kingdom
84%
Atlantic Ocean Iceland
83%
Atlantic Ocean Ireland
82%
Southeast Asia Philippines
82%
Pacific Ocean Taiwan
78%
Pacific Ocean Papua New Guinea
76%
Pacific Ocean Solomon Islands
54%
No matching quizzes found
Score Distribution
Percent of People with Each Score
Percentile by Number Answered
Your Score History
You have not taken this quiz